<?xml version="1.0" encoding="UTF-8"?>
<marc:record xmlns:marc="http://www.loc.gov/MARC21/slim">
   <marc:leader>00000nam a2200000 a 4500</marc:leader>
   <marc:datafield ind1="1" ind2=" " tag="100">
      <marc:subfield code="a">Weber, Kristina</marc:subfield>
      <marc:subfield code="4">aut</marc:subfield>
      <marc:subfield code="e">Verfasser/-in</marc:subfield>
   </marc:datafield>
   <marc:datafield ind1="1" ind2=" " tag="100">
      <marc:subfield code="a">Molz, Johannes</marc:subfield>
      <marc:subfield code="4">aut</marc:subfield>
      <marc:subfield code="e">Verfasser/-in</marc:subfield>
   </marc:datafield>
   <marc:datafield ind1=" " ind2=" " tag="653">
      <marc:subfield code="a">Softcover / Ratgeber/Lebenshilfe</marc:subfield>
   </marc:datafield>
   <marc:datafield ind1=" " ind2=" " tag="653">
      <marc:subfield code="a">Alltag/Familie</marc:subfield>
   </marc:datafield>
   <marc:datafield ind1=" " ind2=" " tag="653">
      <marc:subfield code="a">Ratgeber Generationenkonflikt</marc:subfield>
   </marc:datafield>
   <marc:datafield ind1=" " ind2=" " tag="653">
      <marc:subfield code="a">Generationenkonflikt</marc:subfield>
   </marc:datafield>
   <marc:datafield ind1=" " ind2=" " tag="653">
      <marc:subfield code="a">Erziehung</marc:subfield>
   </marc:datafield>
   <marc:datafield ind1=" " ind2=" " tag="653">
      <marc:subfield code="a">neue Erziehungsmodelle</marc:subfield>
   </marc:datafield>
   <marc:datafield ind1=" " ind2=" " tag="653">
      <marc:subfield code="a">Generationenkonflikt Familie</marc:subfield>
   </marc:datafield>
   <marc:datafield ind1=" " ind2=" " tag="653">
      <marc:subfield code="a">Großeltern &amp; Erziehung</marc:subfield>
   </marc:datafield>
   <marc:datafield ind1=" " ind2=" " tag="653">
      <marc:subfield code="a">Familienrollen neu verhandeln</marc:subfield>
   </marc:datafield>
   <marc:datafield ind1=" " ind2=" " tag="653">
      <marc:subfield code="a">Kommunikation in der Familie</marc:subfield>
   </marc:datafield>
   <marc:datafield ind1=" " ind2=" " tag="653">
      <marc:subfield code="a">Wertschätzende Erziehung</marc:subfield>
   </marc:datafield>
   <marc:datafield ind1="0" ind2="0" tag="245">
      <marc:subfield code="a">Endgegner Großeltern?</marc:subfield>
   </marc:datafield>
   <marc:datafield ind1="0" ind2="0" tag="245">
      <marc:subfield code="c">Kristina Weber, Johannes Molz</marc:subfield>
   </marc:datafield>
   <marc:datafield ind1=" " ind2="1" tag="264">
      <marc:subfield code="a">S.l.] @</marc:subfield>
      <marc:subfield code="b">Kneipp Verlag in Verlagsgruppe Styria GmbH &amp; Co. KG</marc:subfield>
      <marc:subfield code="c">2026</marc:subfield>
   </marc:datafield>
   <marc:datafield ind1=" " ind2=" " tag="250">
      <marc:subfield code="a">1. Auflage</marc:subfield>
   </marc:datafield>
   <marc:datafield ind1="1" ind2=" " tag="520">
      <marc:subfield code="a">Kinder da, Konflikte da: Warum es mit den eigenen Eltern so oft kracht, sobald Enkel im Spiel sind
&lt;br&gt;
&lt;br&gt;
Ein einziger Satz am Kaffeetisch - und plötzlich sitzen alte Kränkungen mit am Tisch. Ungefragte Erziehungstipps, hochgezogene Augenbrauen, unausgesprochene Erwartungen: Kristina Weber und Johannes Molz, bekannt vom ARD-Kanal Eltern ohne Filter, nehmen auseinander, warum es zwischen den Generationen so oft knirscht.
&lt;br&gt;
&lt;br&gt;
Persönlich, fundiert und mit einem Augenzwinkern zeigen sie, welche Prägungen hinter den Konflikten stecken - von Stilldebatten über Familienbett bis Schwiegereltern-Dynamik. Dabei geht es nie ums Rechthaben, sondern um echtes Verstehen: Wie wurden unsere Eltern selbst erzogen? Welche Muster tragen wir unbewusst weiter? Und wie schaffen wir es, als Erwachsene auf Augenhöhe zu sprechen?
&lt;br&gt;
&lt;br&gt;
Mit Übungen zur Selbstreflexion und Werkzeugen der gewaltfreien Kommunikation wird aus dem Bossfight ein Teamplay.
&lt;br&gt;
&lt;br&gt;
Für junge Eltern, die sich zwischen Kinderwagen und Elternhaus manchmal zerrieben fühlen - und bereit sind, alte Muster zu durchbrechen.
</marc:subfield>
   </marc:datafield>
   <marc:datafield ind1=" " ind2=" " tag="020">
      <marc:subfield code="a">9783708808710</marc:subfield>
      <marc:subfield code="9">9783708808710</marc:subfield>
   </marc:datafield>
   <marc:datafield ind1=" " ind2=" " tag="020">
      <marc:subfield code="a">3708808711</marc:subfield>
      <marc:subfield code="9">3708808711</marc:subfield>
   </marc:datafield>
   <marc:datafield ind1=" " ind2=" " tag="041">
      <marc:subfield code="a">ger</marc:subfield>
   </marc:datafield>
   <marc:datafield ind1=" " ind2=" " tag="300">
      <marc:subfield code="a">208 Seiten</marc:subfield>
   </marc:datafield>
</marc:record>
